000 00710nam a22002297a 4500
005 20170124110159.0
010 _aB-089261
020 _c85.90
_a817170624X
035 _aB-089261
037 _bCen Lib/Ret
040 _aDPL
_bEN
082 _a510
_bCHH
100 _aChhibber, S.N.
_935769
245 _aThe joy of mathematics for class 6 /
_cby S.N.Chhibber [and] Edwin Flynn
260 _aNew Delhi
_bFrank Bros. & Co.
_c2002
270 _a4675-A, Ansari Road, 21 Daryaganj
_bNew Delhi
_e110002
300 _a265p. :
_c23cm(pbk)
_bill.
650 _aAlgebra--class 6
_935770
650 _aGeometry--mathematics
_935771
700 _aFlynn, Edwin
_935772
942 _2ddc
_cEN
_h510
_mCHH
999 _c132797
_d132797